Statistics for History True or False #2

Click here to take the quiz!

General Stats

  • This quiz has been taken 33,705 times
  • The average score is 13 of 18

Answer Stats

QuestionAnswer% Correct
India was never colonized by a European powerFalse
95%
The Soviet Union was the first country to launch a satellite into orbitTrue
95%
As a young man, Adolf Hitler wanted to be an artistTrue
93%
At one time, most of the Iberian peninsula was ruled by MuslimsTrue
87%
In Europe, in the Middle Ages, the majority of people worked on farmsTrue
87%
Emperors in imperial China typically had many concubinesTrue
81%
The Battle of Marathon took place in ancient GreeceTrue
80%
Julius Caesar's given name (praenomen) wasn't really JuliusTrue
78%
More people died in WWII than in WWITrue
77%
Cape Town was originally founded by the FrenchFalse
73%
Che Guevara was a pacifistFalse
71%
Henry Ford invented the automobileFalse
71%
Russia has never been led by a womanFalse
69%
A modern English-speaking person can more or less understand Old EnglishFalse
64%
The Incans were a matriarchal society, with nearly all the important political decisions being made by womenFalse
64%
Abraham Lincoln was the first Republican to be elected President of the United StatesTrue
57%
Mead is a beverage made from fermented grains such as barley or ryeFalse
46%
Despite his reputation as a general, Napoleon actually lost more battles than he wonFalse
44%

Score Distribution

Percentile by Number Answered

Percent of People with Each Score

Your Score History

You have not taken this quiz